Physical Pharmaceutics-1 (Record no. 11069)
[ view plain ]
| 000 -LEADER | |
|---|---|
| fixed length control field | 00439nam a22001577a 4500 |
| 003 - CONTROL NUMBER IDENTIFIER | |
| control field | OSt |
| 008 - FIXED-LENGTH DATA ELEMENTS--GENERAL INFORMATION | |
| fixed length control field | 220115b ||||| |||| 00| 0 eng d |
| 020 ## - INTERNATIONAL STANDARD BOOK NUMBER | |
| International Standard Book Number | 93894482-1 |
| 082 ## - DEWEY DECIMAL CLASSIFICATION NUMBER | |
| Classification number | 615.19 TRP |
| 100 ## - MAIN ENTRY--PERSONAL NAME | |
| Personal name | TRIPATHI, D.K. |
| 245 ## - TITLE STATEMENT | |
| Title | Physical Pharmaceutics-1 |
| 260 ## - PUBLICATION, DISTRIBUTION, ETC. (IMPRINT) | |
| Place of publication, distribution, etc | Pune |
| Name of publisher, distributor, etc | Nirali Prakashan |
| Date of publication, distribution, etc | 2020 |
| 300 ## - PHYSICAL DESCRIPTION | |
| Extent | 6.28 |
| 650 ## - SUBJECT ADDED ENTRY--TOPICAL TERM | |
| Topical term or geographic name as entry element | Pharmaceutics- Drug Delivery Systems,Pharmaceutical Engineering regularity Science |
| 942 ## - ADDED ENTRY ELEMENTS (KOHA) | |
| Source of classification or shelving scheme | Dewey Decimal Classification |
| Koha item type | Text Books |
| Withdrawn status | Lost status | Source of classification or shelving scheme | Damaged status | Not for loan | Collection code | Home library | Current library | Date acquired | Source of acquisition | Currency | Cost, normal purchase price | Bill Number | Total Checkouts | Full call number | Acc. no. / Barcode | Date last seen | Date last borrowed | Actual Cost, discounted price | Bill Date | Koha item type |
|---|---|---|---|---|---|---|---|---|---|---|---|---|---|---|---|---|---|---|---|---|
| Dewey Decimal Classification | B.Pharma | PIET C-LIBRARY | PIET C-LIBRARY | 01/11/2022 | Kirti Prakashan | Indian Rup | 230.00 | IN3266 | 4 | 615.19 TRP | BP1712 | 26/05/2025 | 12/05/2025 | 172.50 | 11/01/2022 | Reference Books | ||||
| Dewey Decimal Classification | B.Pharma | PIET C-LIBRARY | PIET C-LIBRARY | 01/11/2022 | Kirti Prakashan | Indian Rup | 230.00 | IN3266 | 10 | 615.19 TRP | BP1713 | 22/04/2025 | 04/04/2025 | 172.50 | 11/01/2022 | Text Books | ||||
| Dewey Decimal Classification | B.Pharma | PIET C-LIBRARY | PIET C-LIBRARY | 01/11/2022 | Kirti Prakashan | Indian Rup | 230.00 | IN3266 | 7 | 615.19 TRP | BP1714 | 21/04/2025 | 04/04/2025 | 172.50 | 11/01/2022 | Text Books | ||||
| Dewey Decimal Classification | B.Pharma | PIET C-LIBRARY | PIET C-LIBRARY | 01/11/2022 | Kirti Prakashan | Indian Rup | 230.00 | IN3266 | 9 | 615.19 TRP | BP1715 | 28/11/2025 | 26/11/2025 | 172.50 | 11/01/2022 | Text Books | ||||
| Dewey Decimal Classification | B.Pharma | PIET C-LIBRARY | PIET C-LIBRARY | 01/11/2022 | Kirti Prakashan | Indian Rup | 230.00 | IN3266 | 6 | 615.19 TRP | BP1716 | 23/12/2025 | 11/12/2025 | 172.50 | 11/01/2022 | Text Books |